000
00290nam a2200121Ia 4500
005
20251028132339.0
008
251020t2015||||xx |||||||||||||| ||spa||
041
_a
spa
100
_a
Fernández Sessarego, Carlos
245
0
_a
Derecho a la identidad personal
260
_c
2015
942
_C
LB
_c
LB
999
_c
759
_d
759